000 00657nab a2200193 4500
001 244442
003 OSt
005 20230731121640.0
007 tu
008 200917s2020|||||||
040 _aDE-2950
_cDE-2950
245 0 0 _aHaltestellelle wird umgebaut.
_bÖPNV. Wer in Frankfurt die Straßenbahnlinie 4 nutzt, muss sich für das Teilstück zwischen Zentrum und Lebuser Vorstadt auf Schienenersatzverkehr einstellen/
_cSelim Pekel
264 _c2023
653 _aFrankfurt (Oder)
653 _aÖPNV
653 _aSchienenersatzverkehr
773 0 _g34. Jahrgang (2023) Nr. 169 vom 22.07.2023, S. 17, mit Foto
_tMärkische Oderzeitung
942 _2z
_cA
999 _c372652
_d372652